zpět

Detail výsledku týmu

Hradební Hasičárna, Prostějov

Datum a čas kvízu

31 Celkem bodů Celkový počet nahraných bodů na tomto kvízu bez doplňovacích otázek.
3. Pořadí na kvízu Konečné umístění týmu na tomto kvízu.

Zaznamenané odpovědi

# Otázka Odpověď Body Výsledky
1. Jak se jmenuje 56letý český da... Zbyšek Pantůček 1
2. Paprička jisté odrůdy existuje... Pepper X 1
3. Ve čtvrtek mělo premiéru ameri... Martin Scorcese 1
4. Německý národní dopravce Deuts... Arriva 1
5. Ve čtvrtek na tenisovém turnaj... zahrál úder opačnou rukou 1
6. V tomto tématu zabrousíme do č... Jana Nerudu 1
7. Drama Nabarvené ptáče z roku 2... Václav Marhoul 1
8. V roce 2022 přišel do kin film... jak se mám 1
9. Pod českoněmecký film Pták ohn... Václav Vorlíček, Miloš Macourek 1
10. Ptakopysk sice není pták, ale... Nejistá sezona 0